02677nab a2200457 i 450000100060000000300080000600500170001400600190003100700150005000800410006502200140010603500220012004000310014205000210017308000080019408200120020210000290021424501460024326400470038931000180043633600310045433700330048533800430051836200100056152008560057158800830142758800970151059001620160765000220176965000140179165000260180565000180183165000260184965000390187565000520191465500320196677301240199879700180212285600620214099900170220231389FINmELB20241216220644.0m o d | cr cnu||||||||230918c20039999mx tr p o 0 0spa d a1870-3925 a(OCoLC)1399430770 aFINmELBbspaerdacFINmELB 4aHM51b.H478 2003 a31604a3012231 aHertel, Shareen,eautor.10aUna contienda acotada :bla defensa transnacional de los derechos laborales de las mujeres en las maquiladoras de México /cShareen Hertel. 1aHermosillo :bEl Colegio de Sonora,c2003. aCuatrimestral atextobtxt2rdacontent/spa acomputadorabc2rdamedia/spa arecurso en líneabcr2rdacarrier/spa0 a1989- aLa defensa transnacional de los derechos de las mujeres que trabajan en las maquiladoras de México fue uno de los temas principales de los debates internacionales sobre esta problemática en la década de 19904 Este articulo analiza una campaña de este tipo, organizada por activistas que recurrieron para ello al acuerdo laboral paralelo del Tratado de libre Comercio (TLC) entre México, Estados Unidos y Canadá. Se plantea que los activistas de derechos humanos frecuenten mente optan por limitar sus demandas a los derechos civiles y políticos en vez de ampliarlas para incluir los derechos económicos y sociales. Lo hacen así debido a restricciones institucionales y políticas, así como de recursos. El articulo concluye con algunas reflexiones más amplias sobre el futuro de la defensa transnacional de los derechos humanos. aDescripción basada en metadatos suministrados por el editor y otras fuentes. aDescripción basada en Región y sociedad, vol. 15, no. 26 (enero-abril 2003), P. 153-191. aRecurso electrónico. Santa Fe, Arg.: elibro, 2023. Disponible vía World Wide Web. El acceso puede estar limitado para las bibliotecas afiliadas a elibro. 4aDerechos humanos. 4aGénero. 4aGlobalización (ONG) 4aMaquiladoras. 4aMovimientos sociales. 4aOrganizaciones no gubernamentales. 4aTratado de Libre ComerciozAmérica del Norte. 4aArtículos electrónicos.1 tRegión y sociedad.xISSN1870-3925dHermosillo : El Colegio de Sonora.gvol. 15, no. 26 (enero-abril 2003), p. 153-1912 aelibro, Corp.40uhttps://elibro.net/ereader/politecnicointernacional/26143 c31389d31389